| 000 | 00642nam a22001932 4500 | ||
|---|---|---|---|
| 001 | 0000009531 | ||
| 005 | 20151217152056.0 | ||
| 008 | 081109s xx 000 0 eng d | ||
| 020 |
_a0768424011 : _cKES 610 |
||
| 040 |
_aKABU _cKABU |
||
| 100 | 1 |
_aBriggs, Mark. _@0000161158 |
|
| 245 | 1 | 0 |
_aBehind the mask of religious traditions : _byour guide to discovering and destroying sacred cows / _cMark Briggs. |
| 260 |
_aShippensburg, PA : _bDestiny Image Publishers, _c2006. |
||
| 300 | _a169 p. | ||
| 650 | 0 |
_aSpiritual life _xChristianity. _@0000157934 |
|
| 908 | _a081109 | ||
| 950 | _@1 | ||
| 999 |
_c7954 _d7954 |
||